| 000 | 01735nam a2200241Ia 4500 | ||
|---|---|---|---|
| 008 | 260220t9999||||xx |||||||||||||| ||spa|| | ||
| 040 |
_aPY-SlUNAC _bspa _erda |
||
| 041 | _aspa | ||
| 082 |
_a863 _bD455i |
||
| 100 |
_aDescola, Jean _eAutor |
||
| 245 | 0 |
_aLas iluminaciones del hermano Santiago / _cpor Jean Descola [Autor] |
|
| 264 |
_aBarcelona : _bArgos Vergara, _c[Fecha de publicación no identificada]. |
||
| 300 | _a1 volumen | ||
| 520 | _aEn "Las iluminaciones del hermano Santiago", Jean Descola explora la figura del apóstol Santiago y su relevancia en la historia y cultura de España, así como su influencia en la tradición jacobea. A través de un enfoque interdisciplinario que abarca la historia, la antropología y la teología, Descola analiza cómo la figura de Santiago ha sido reinterpretada y venerada a lo largo de los siglos, convirtiéndose en un símbolo de identidad para diversas comunidades. El autor también examina las peregrinaciones al Camino de Santiago, resaltando su impacto en la espiritualidad y el turismo contemporáneo. Además, se discuten las manifestaciones artísticas y literarias que han surgido en torno a Santiago, lo que evidencia su perdurable legado. A través de un rico análisis, Descola invita al lector a reflexionar sobre la intersección entre lo sagrado y lo secular, ofreciendo una visión profunda de las "iluminaciones" que este apóstol ha proporcionado a lo largo del tiempo, especialmente en el contexto español. | ||
| 653 | _aAntropología | ||
| 653 | _aCultura | ||
| 653 | _aReligión | ||
| 942 |
_b2026/02/17 _cBK |
||
| 999 |
_c9281 _d9281 |
||